000 00734pam a2200253 a 4500
999 _c4874
_d4874
001 4205095
003 GBCCL
005 20241126110528.0
008 810202s1981 tnuaf b 000 0 eng
010 _a 81000923
020 _a0840757646
040 _aDLC
_cDLC
_dDLC
043 _aaw-----
050 0 0 _aBS647.2
_b.S53
082 0 0 _a220.15
_219
_bSHO
100 1 _aShorrosh, Anis.
_98872
245 1 0 _aJesus, prophecy, and the Middle East /
_cAnis A. Shorrosh.
260 _aNashville :
_bT. Nelson,
_cc1981.
300 _ax, 145 p., [4] leaves of plates :
_bill. ;
_c21 cm.
504 _aBibliography: p. 143-145.
630 0 0 _aBible
_xProphecies.
_9457
906 _a7
_bcbc
_corignew
_d1
_eocip
_f19
_gy-gencatlg
942 _2ddc
_cBK